Lessons learned (Record no. 115774)
[ view plain ]
| 000 -LEADER | |
|---|---|
| fixed length control field | 01464cad a22003015a 4500 |
| 001 - CONTROL NUMBER | |
| control field | L159269 |
| 008 - FIXED-LENGTH DATA ELEMENTS--GENERAL INFORMATION | |
| fixed length control field | 130206s2016 xxk f 000 0 eng d |
| 020 ## - INTERNATIONAL STANDARD BOOK NUMBER | |
| International Standard Book Number | 9781783211500 |
| 035 ## - SYSTEM CONTROL NUMBER | |
| System control number | (Sirsi) u159269 |
| 041 0# - LANGUAGE CODE | |
| Language code of text/sound track or separate title | eng |
| 050 04 - LIBRARY OF CONGRESS CALL NUMBER | |
| Classification number | 658.404 $2 18 |
| 110 2# - MAIN ENTRY--CORPORATE NAME | |
| Corporate name or jurisdiction name as entry element | Royal Institution of Chartered Surveyors |
| 9 (RLIN) | 4900 |
| 245 ## - TITLE STATEMENT | |
| Title | Lessons learned |
| Medium | [electronic resource] |
| 260 ## - PUBLICATION, DISTRIBUTION, ETC. | |
| Place of publication, distribution, etc. | London |
| Name of publisher, distributor, etc. | RICS |
| Date of publication, distribution, etc. | 2016 |
| 490 #0 - SERIES STATEMENT | |
| Series statement | RICS Guidance Note |
| 520 ## - SUMMARY, ETC. | |
| Summary, etc. | Outlines some of the most commonly occurring reasons for project failure and offers practical solutions in the context of applying the lessons learned. Although the main emphasis is on the built environment, case examples and lessons learned are drawn from a variety of sectors, including infrastructure and IT. The guidance note also stresses the importance of capturing the knowledge acquired during the planning and delivery of a project, and making best use of this for the benefit of future projects. Effective from 1 May 2016. |
| 590 ## - LOCAL NOTE (RLIN) | |
| Local note | KA |
| 650 24 - SUBJECT ADDED ENTRY--TOPICAL TERM | |
| Topical term or geographic name entry element | FAILURE |
| 650 24 - SUBJECT ADDED ENTRY--TOPICAL TERM | |
| Topical term or geographic name entry element | HUMAN ERROR |
| 650 24 - SUBJECT ADDED ENTRY--TOPICAL TERM | |
| Topical term or geographic name entry element | PROJECT LIFE CYCLE |
| 650 24 - SUBJECT ADDED ENTRY--TOPICAL TERM | |
| Topical term or geographic name entry element | PROJECT EVALUATIONS |
| 650 24 - SUBJECT ADDED ENTRY--TOPICAL TERM | |
| Topical term or geographic name entry element | RISK MANAGEMENT |
| 651 #4 - SUBJECT ADDED ENTRY--GEOGRAPHIC NAME | |
| Geographic name | International |
| 690 ## - LOCAL SUBJECT ADDED ENTRY--TOPICAL TERM (OCLC, RLIN) | |
| Topical term or geographic name as entry element | Planning and development |
| 9 (RLIN) | 6259 |
| 690 ## - LOCAL SUBJECT ADDED ENTRY--TOPICAL TERM (OCLC, RLIN) | |
| Topical term or geographic name as entry element | Project management |
| 9 (RLIN) | 6261 |
| 856 40 - ELECTRONIC LOCATION AND ACCESS | |
| Uniform Resource Identifier | <a href="https://www.rics.org/profession-standards/rics-standards-and-guidance/sector-standards/construction-standards/lessons-learned">https://www.rics.org/profession-standards/rics-standards-and-guidance/sector-standards/construction-standards/lessons-learned</a> |
| Public note | Available free on RICS.org |
| 942 ## - ADDED ENTRY ELEMENTS (KOHA) | |
| Suppress in OPAC | 0 |
| Source of classification or shelving scheme | Dewey Decimal Classification |
| Withdrawn status | Lost status | Source of classification or shelving scheme | Damaged status | Not for loan | Home library | Current library | Shelving location | Date acquired | Total Checkouts | Full call number | Barcode | Date last seen | Copy number | Price effective from | Koha item type |
|---|---|---|---|---|---|---|---|---|---|---|---|---|---|---|---|
| Dewey Decimal Classification | Virtual | Virtual | Online | 20/04/2016 | ONLINE PUBLICATION | 159269-2001 | 28/04/2023 | 1 | 06/08/2019 | Book |